Представление документа в формате MARC21

Поле Инд. ПП Название Значение
Тип записи a
Библиографический уровень m
001 Контрольный номер 9822ff8ddc524d69a02bf684fd804d35
005 Дата корректировки 20241105141415.0
020 a ISBN 978-5-7995-1350-4
040 b Код языка каталог. rus
e Правила каталог. PSBO
041 0_ a Код языка текста rus
080 a Индекс УДК 378
084 a Индекс другой классификации/Индекс ББК Ч481
090 a Полочн. индекс Ч48
x Авторский знак А 43
097 b Оператор *Ви*
245 10 a Заглавие Актуальные проблемы качества образования в высшей школе
b Продолж. заглавия материалы докладов научно-практической конференции
c Ответственность Тверской государственный технический университет
c Ответственность редакционная коллегия: В.Б. Петропавловская (отв. ред.) [и др.]
260 a Место издания Тверь
b Издательство ТвГТУ
c Дата издания 2024
300 a Объем 164 с.
516 8_ a Прим. о типе комп. файла/ данных Текст : электронный
520 0_ a Аннотация Сборник содержит материалы докладов научно-практической конфе-ренции «Актуальные проблемы качества образования в высшей школе», прошедшей 9 февраля 2024 г. Предназначен для научно-педагогических работников, административно-управленческого аппарата, аспирантов, магистрантов и студентов университета. Способствует накоплению и трансляции позитивного опыта образовательной деятельности. Подготовлен Центром менеджмента качества Тверского государ-ственного технического университета.
535 1_ a Хранилище Сервер
653 0_ a Ключевые слова Высшая школа
a Ключевые слова Высшее образование
a Ключевые слова Управление образованием
a Ключевые слова Качество образования
a Ключевые слова Онлайн-олимпиады
a Ключевые слова Системное программное обеспечение
a Ключевые слова Безопасность жизнедеятельности студентов
a Ключевые слова Информационное пространство
a Ключевые слова Имидж преподавателя
a Ключевые слова Воспитательная работа вузов
a Ключевые слова Образовательный процесс
a Ключевые слова Инновационные технологии преподавания
a Ключевые слова Дистанционное обучение
a Ключевые слова Оформление презентаций
a Ключевые слова Инклюзивное образование
a Ключевые слова Производственная практика
655 07 a Жанр/ форма (устаревшее) М
900 a Имя макрообъекта 001-000161076-000000000-0000-0000-01
901 t Тип документа m
905 b Дата создания записи обработка 20.06.23
951 i EL-ТГТУ? Да
952 a Тип литературы для КСУ ВШ М
e Факультет ФУСК
990 h N записи в КСУ для Б/У (DOS) 25/2024э
g Размещение заказа (DOS) РИЦ
990 c Приоритет заказа (DOS) *д*